| 000 | 00846cam a2200253 4500 | ||
|---|---|---|---|
| 001 | i9781870325721 | ||
| 008 | 071126s1999 xxkbo f 00 0beng | ||
| 020 | _a1870325729 | ||
| 035 | _a(Sirsi) u99528 | ||
| 041 | _aeng | ||
| 050 | 0 | 4 | _a920 $2 18 |
| 100 | 1 | _aSmith, J. R. | |
| 245 | 0 | 0 |
_aEverest _bthe man and the mountain |
| 260 |
_aLatheronwheel, Caithness _bWhittles Publishing _c1999 |
||
| 300 |
_axiv, 306 p. _bill., maps _c24cm. |
||
| 350 | _a37.50 | ||
| 520 | _aA biography of George Everest, who became Superintendent of the Great Trigonometrical Survey and was Surveyor General of India for many years. | ||
| 600 | 1 | 4 |
_aEverest, George _d1790-1866 |
| 650 | _aBIOGRAPHY | ||
| 651 | 4 | _aIndia | |
| 690 | _aENVIRONMENTAL AND LAND CONSULTANCY-GEOMATICS-LAND SURVEYING-LAND SURVEYORS | ||
| 942 |
_n0 _2ddc |
||
| 948 | _c18/08/1998 | ||
| 999 |
_c99379 _d99379 |
||